<The> rise of systems theory <an> ideological analysis

Enregistré dans:
Détails bibliographiques
Auteur principal: Lilienfeld, Robert
Format: Livre
Langue:anglais
Publié: New York Wiley 1978
Tags: Ajouter un tag
Pas de tags, Soyez le premier à ajouter un tag!

MARC

LEADER 00000nam a2200000 4500
001 0214933
005 20240109105157.0
041 0 |a eng 
044 |a US 
245 1 0 |a <The> rise of systems theory  |b <an> ideological analysis  |c Robert Lilienfeld 
264 1 |a New York  |b Wiley  |c 1978 
300 |a 292 s. 
100 1 |a Lilienfeld, Robert